[Event "6I Torneo Ciudad de Pontevedra 2018"]
[Site "Pontevedra ESP"]
[Date "2018.08.12"]
[Round "6.9"]
[White "Khamrakulov, Ibragim S"]
[Black "Rodriguez Lopez, Rafael"]
[Result "1/2-1/2"]
[WhiteElo "2430"]
[BlackElo "2312"]
[PlyCount "91"]
[EventDate "2018.08.08"]
[EventType "swiss"]
[EventRounds "9"]
[EventCountry "ESP"]
[SourceTitle "Ajedrez en Madrid"]
[Source "lmi"]
[SourceDate "2018.08.08"]

1. e4 c5 2. c3 Nf6 3. e5 Nd5 4. Bc4 Nb6 5. Bb3 Nc6 6. Nf3 d5 7. exd6 c4 8. Bc2
Qxd6 9. O-O g6 10. Na3 Bg7 11. b3 cxb3 12. axb3 O-O 13. d4 Bg4 14. h3 Bxf3 15.
Qxf3 e5 16. dxe5 Qxe5 17. Bb2 Rfe8 18. Rad1 Rad8 19. Rxd8 Rxd8 20. Be4 Qe6 21.
Bc2 Nb4 22. Bd1 Nd3 23. Ba1 Nc5 24. Qg4 Qxg4 25. hxg4 Nd5 26. Nb1 b5 27. Bc2 b4
28. Rd1 Ne6 29. c4 Bxa1 30. Rxd5 Rxd5 31. cxd5 Nd4 32. Bd1 Bc3 33. f3 Nb5 34.
Be2 Na3 35. Bd3 Kf8 36. Kf2 Ke7 37. Nxc3 bxc3 38. Ke3 Kd6 39. Bc4 a5 40. Kd3 c2
41. Kd2 a4 42. Kc1 g5 43. Kb2 f6 44. Kc1 Kc5 45. Kb2 h6 46. Kc1 1/2-1/2

[Event "6I Torneo Ciudad de Pontevedra 2018"]
[Site "Pontevedra ESP"]
[Date "2018.08.12"]
[Round "6.10"]
[White "Horton, Andrew P"]
[Black "Garcia Sobrino, David"]
[Result "0-1"]
[WhiteElo "2408"]
[BlackElo "2211"]
[PlyCount "86"]
[EventDate "2018.08.08"]
[EventType "swiss"]
[EventRounds "9"]
[EventCountry "ESP"]
[SourceTitle "Ajedrez en Madrid"]
[Source "lmi"]
[SourceDate "2018.08.08"]

1. Nf3 Nf6 2. c4 e6 3. g3 d5 4. Bg2 Be7 5. O-O O-O 6. b3 b6 7. Bb2 c5 8. e3 Nc6
9. Nc3 Ba6 10. d3 Rc8 11. Qe2 Qd7 12. Rfd1 Rfd8 13. Bh3 Qb7 14. Rac1 Qb8 15.
Bg2 Re8 16. Qe1 Red8 17. cxd5 Nxd5 18. Nxd5 exd5 19. Bh3 Rc7 20. Ne5 Bf6 21.
Nxc6 Rxc6 22. Bxf6 Rxf6 23. Qd2 Qe5 24. Bg2 Qf5 25. Qc2 Qh5 26. b4 Rc8 27. bxc5
bxc5 28. Rb1 h6 29. Rb2 c4 30. dxc4 Bxc4 31. Rxd5 Qg4 32. Rd4 Qe6 33. Qd2 Ba6
34. Bd5 Qh3 35. Bg2 Qe6 36. Rc2 Rb8 37. Rd8+ Rxd8 38. Qxd8+ Kh7 39. Qd5 Qb6 40.
Be4+ g6 41. Rc6 Qb2 42. Qd4 Qxf2+ 43. Kh1 Qf1# 0-1

[Event "6I Torneo Ciudad de Pontevedra 2018"]
[Site "Pontevedra ESP"]
[Date "2018.08.12"]
[Round "6.11"]
[White "Merario Alarcon, Andres"]
[Black "Senlle Caride, Miguel"]
[Result "1-0"]
[WhiteElo "2406"]
[BlackElo "2311"]
[PlyCount "117"]
[EventDate "2018.08.08"]
[EventType "swiss"]
[EventRounds "9"]
[EventCountry "ESP"]
[SourceTitle "Ajedrez en Madrid"]
[Source "lmi"]
[SourceDate "2018.08.08"]

1. d4 Nf6 2. c4 e6 3. Nf3 d5 4. g3 Be7 5. Bg2 O-O 6. O-O dxc4 7. Ne5 c5 8. dxc5
Qc7 9. Nxc4 Qxc5 10. b3 Rd8 11. Nbd2 Nc6 12. Ba3 Nb4 13. Bb2 Qb5 14. a3 Nc6 15.
e3 Qa6 16. a4 Bd7 17. Qf3 e5 18. Ne4 Be6 19. Nxe5 Nxe5 20. Bxe5 Bd5 21. Bxf6
Bxe4 22. Qxe4 Bxf6 23. Rad1 Rab8 24. Rxd8+ Rxd8 25. Qxb7 Qxb7 26. Bxb7 Rd3 27.
Rc1 Rc3 28. Rb1 Be7 29. Kg2 a5 30. Bd5 Rc7 31. Rd1 Bb4 32. Bc4 Kf8 33. f4 Ke7
34. Rd5 Rc5 35. Rd4 Rc7 36. Kf3 Ra7 37. Rd5 Rc7 38. g4 Rc5 39. Rd4 h6 40. Bb5
Rc7 41. Re4+ Kf6 42. Bc4 Re7 43. Rd4 g5 44. Rd5 gxf4 45. exf4 Rc7 46. h4 Re7
47. g5+ Kg7 48. f5 hxg5 49. hxg5 f6 50. g6 Kh6 51. Rd8 Kg5 52. Bf7 Kh6 53. Be6
Rg7 54. Bf7 Kg5 55. Ke4 Be7 56. Rd1 Bb4 57. Rg1+ Kh4 58. Kd5 Kh3 59. Ke6 1-0

[Event "6I Torneo Ciudad de Pontevedra 2018"]
[Site "Pontevedra ESP"]
[Date "2018.08.12"]
[Round "6.12"]
[White "Krutti, Valer"]
[Black "Silva, Luis Neves Da"]
[Result "1/2-1/2"]
[WhiteElo "2312"]
[BlackElo "2374"]
[PlyCount "85"]
[EventDate "2018.08.08"]
[EventType "swiss"]
[EventRounds "9"]
[EventCountry "ESP"]
[SourceTitle "Ajedrez en Madrid"]
[Source "lmi"]
[SourceDate "2018.08.08"]

1. Nf3 d5 2. g3 g6 3. Bg2 Bg7 4. O-O e5 5. d3 Ne7 6. c4 O-O 7. Nbd2 c6 8. Qc2
a5 9. Rb1 h6 10. b3 Be6 11. Bb2 Nd7 12. Rfc1 d4 13. a3 c5 14. e3 Nc6 15. Re1
Qc7 16. Bc1 Rae8 17. exd4 exd4 18. Ne4 g5 19. h4 f5 20. Ned2 g4 21. Nh2 Bf7 22.
Rxe8 Rxe8 23. Ndf1 Nde5 24. Bf4 Qd7 25. Qd2 Kh7 26. Bxe5 Rxe5 27. Bxc6 Qxc6 28.
Qxa5 b6 29. Qa7 Be6 30. b4 Bc8 31. b5 Qd6 32. Qa8 Qc7 33. Qc6 Qb8 34. a4 Re6
35. Qd5 Rd6 36. Qf7 Rf6 37. Qe7 Re6 38. Qd8 Rd6 39. Qe7 Re6 40. Qd8 Rd6 41. Qe7
Re6 42. Qd8 Rd6 43. Qe7 1/2-1/2

[Event "6I Torneo Ciudad de Pontevedra 2018"]
[Site "Pontevedra ESP"]
[Date "2018.08.12"]
[Round "6.13"]
[White "Pazos Porta, Antonio"]
[Black "Costa, Paulo"]
[Result "1/2-1/2"]
[WhiteElo "2335"]
[BlackElo "2170"]
[PlyCount "44"]
[EventDate "2018.08.08"]
[EventType "swiss"]
[EventRounds "9"]
[EventCountry "ESP"]
[SourceTitle "Ajedrez en Madrid"]
[Source "lmi"]
[SourceDate "2018.08.08"]

1. e4 c5 2. g3 d5 3. exd5 Qxd5 4. Nf3 Bg4 5. Bg2 Qe6+ 6. Kf1 Nc6 7. h3 Bh5 8.
d3 Nf6 9. Na3 Qd7 10. Nc4 Bxf3 11. Qxf3 e6 12. Bf4 Nd5 13. Ne5 Nxe5 14. Bxe5 f6
15. Bc3 Bd6 16. Bd2 O-O 17. h4 f5 18. Re1 Rae8 19. c4 Nc7 20. Bc3 e5 21. Qxb7
e4 22. Bh3 Rb8 1/2-1/2

[Event "6I Torneo Ciudad de Pontevedra 2018"]
[Site "Pontevedra ESP"]
[Date "2018.08.12"]
[Round "6.14"]
[White "Paiva, Henrique M A Alberg"]
[Black "Samoun, Florent"]
[Result "1/2-1/2"]
[WhiteElo "2080"]
[BlackElo "2334"]
[PlyCount "115"]
[EventDate "2018.08.08"]
[EventType "swiss"]
[EventRounds "9"]
[EventCountry "ESP"]
[SourceTitle "Ajedrez en Madrid"]
[Source "lmi"]
[SourceDate "2018.08.08"]

1. e4 e6 2. d4 d5 3. exd5 exd5 4. Bd3 Bd6 5. Nf3 Ne7 6. O-O O-O 7. c3 Bf5 8.
Bxf5 Nxf5 9. Qd3 g6 10. Re1 c6 11. Nbd2 Nd7 12. Nf1 Qc7 13. Ne3 Nxe3 14. Bxe3
Rfe8 15. Bg5 Kg7 16. Qd2 f6 17. Bh6+ Kf7 18. h4 Nb6 19. b3 Re4 20. c4 Bf4 21.
Bxf4 Rxf4 22. Qe3 Re4 23. Qh6 Kg8 24. c5 Nd7 25. h5 Nf8 26. hxg6 hxg6 27. Rxe4
dxe4 28. Nd2 f5 29. Nc4 Qg7 30. Qxg7+ Kxg7 31. Nd6 Rb8 32. d5 Kf6 33. Rd1 cxd5
34. Rxd5 Ke6 35. Rd2 g5 36. b4 Ng6 37. Nc4 Nf4 38. Rd6+ Ke7 39. Ne5 Rg8 40. Kf1
g4 41. g3 Ne6 42. Rd7+ Kf6 43. Nc4 Rh8 44. Rxb7 Nd4 45. Rxa7 Rh1+ 46. Kg2 Rc1
47. Ne3 Nf3 48. Nf1 Ne1+ 49. Kg1 Nf3+ 50. Kg2 e3 51. Ra6+ Ke7 52. Ra7+ Ke8 53.
Ra8+ Kf7 54. Ra7+ Kf6 55. Ra6+ Kf7 56. Ra7+ Ke6 57. Ra8 Kd7 58. Ra7+ 1/2-1/2

[Event "6I Torneo Ciudad de Pontevedra 2018"]
[Site "Pontevedra ESP"]
[Date "2018.08.12"]
[Round "6.15"]
[White "Prado Lobo, Jonas"]
[Black "Cinza Lopez, Javier"]
[Result "1-0"]
[WhiteElo "2143"]
[BlackElo "2009"]
[PlyCount "101"]
[EventDate "2018.08.08"]
[EventType "swiss"]
[EventRounds "9"]
[EventCountry "ESP"]
[SourceTitle "Ajedrez en Madrid"]
[Source "lmi"]
[SourceDate "2018.08.08"]

1. d4 d6 2. e4 g6 3. c4 Bg7 4. Nc3 Nc6 5. d5 Nb8 6. Bg5 Nf6 7. f3 e5 8. Qd2 h6
9. Be3 Nbd7 10. Nh3 a5 11. Nf2 Nh5 12. O-O-O Nc5 13. Nd3 b6 14. Nxc5 bxc5 15.
g3 Rb8 16. Nb5 Bd7 17. a4 g5 18. Be2 O-O 19. Rdg1 Kh7 20. h4 g4 21. fxg4 Nf6
22. g5 Ng4 23. gxh6 Bh8 24. Rf1 Nxe3 25. Qxe3 f5 26. exf5 e4 27. f6 Qe8 28. Qg5
Qg6 29. f7 Qxh6 30. Nxc7 Bxb2+ 31. Kc2 Bxa4+ 32. Kd2 e3+ 33. Kxe3 Bd4+ 34. Ke4
Bc2+ 35. Bd3 Bxd3+ 36. Kxd3 Rb3+ 37. Kc2 Rb2+ 38. Kc1 Rb7 39. Ne6 Be3+ 40. Kc2
Rfxf7 41. Qxh6+ Kxh6 42. Rxf7 Rxf7 43. g4 a4 44. Rh3 Bf2 45. h5 Ra7 46. g5+ Kh7
47. g6+ Kh6 48. g7 Ra8 49. Rf3 a3 50. Rf8 Ra4 51. Rh8# 1-0

[Event "6I Torneo Ciudad de Pontevedra 2018"]
[Site "Pontevedra ESP"]
[Date "2018.08.12"]
[Round "6.16"]
[White "Perez Carballo, David"]
[Black "Villar Perez, Samuel"]
[Result "1-0"]
[WhiteElo "2090"]
[BlackElo "2170"]
[PlyCount "67"]
[EventDate "2018.08.08"]
[EventType "swiss"]
[EventRounds "9"]
[EventCountry "ESP"]
[SourceTitle "Ajedrez en Madrid"]
[Source "lmi"]
[SourceDate "2018.08.08"]

1. b3 e5 2. Bb2 Nc6 3. e3 Nf6 4. Nf3 d6 5. d4 exd4 6. Nxd4 Bd7 7. Be2 Be7 8.
O-O Ne5 9. c4 O-O 10. Nc3 c6 11. Rc1 a6 12. Nf3 Ng6 13. Qd2 b5 14. Rfd1 Qb8 15.
Qc2 Re8 16. Ne4 Nxe4 17. Qxe4 b4 18. Qd4 Bf8 19. h4 c5 20. Qd3 Bg4 21. Ng5 Bxe2
22. Qxe2 h6 23. h5 Nf4 24. Qg4 Ne6 25. Ne4 Kh8 26. Rd5 Qc7 27. Rcd1 Rad8 28.
Qg3 f5 29. Rxf5 Nd4 30. Rxf8+ Rxf8 31. exd4 Qe7 32. d5 Rf5 33. Qg6 Qf7 34.
Bxg7+ 1-0

[Event "6I Torneo Ciudad de Pontevedra 2018"]
[Site "Pontevedra ESP"]
[Date "2018.08.12"]
[Round "6.17"]
[White "Forgas Moreno, Yaniela"]
[Black "Santos, Ricardo Alexandre L"]
[Result "1-0"]
[WhiteElo "2299"]
[BlackElo "2010"]
[PlyCount "65"]
[EventDate "2018.08.08"]
[EventType "swiss"]
[EventRounds "9"]
[EventCountry "ESP"]
[SourceTitle "Ajedrez en Madrid"]
[Source "lmi"]
[SourceDate "2018.08.08"]

1. e4 d6 2. d4 Nf6 3. Nc3 g6 4. f4 Bg7 5. Nf3 O-O 6. Bd3 Na6 7. O-O c5 8. d5
Rb8 9. Qe2 e6 10. dxe6 fxe6 11. e5 Nd5 12. Nb5 dxe5 13. fxe5 Nab4 14. Nd6 Nxd3
15. Qxd3 Bd7 16. Bg5 Qc7 17. c4 Nb4 18. Qd2 Bc6 19. a3 Bxf3 20. axb4 Bg4 21.
Qe3 cxb4 22. h3 Bf5 23. Rxa7 b3 24. c5 h6 25. Bh4 g5 26. Bg3 Qc6 27. Qd4 b6 28.
Nxf5 exf5 29. Rxg7+ Kxg7 30. e6+ Kg6 31. e7 Rfe8 32. Bxb8 bxc5 33. Qd6+ 1-0

[Event "6I Torneo Ciudad de Pontevedra 2018"]
[Site "Pontevedra ESP"]
[Date "2018.08.12"]
[Round "6.18"]
[White "Fernandes, Ricardo Paulos"]
[Black "Florez Rodriguez, Diego"]
[Result "1-0"]
[WhiteElo "2024"]
[BlackElo "2112"]
[PlyCount "53"]
[EventDate "2018.08.08"]
[EventType "swiss"]
[EventRounds "9"]
[EventCountry "ESP"]
[SourceTitle "Ajedrez en Madrid"]
[Source "lmi"]
[SourceDate "2018.08.08"]

1. b3 e5 2. Bb2 Nc6 3. e3 Nf6 4. Bb5 Bd6 5. d3 Ne7 6. d4 Ng6 7. Nf3 Qe7 8. Be2
c6 9. c4 Bb4+ 10. Nbd2 e4 11. Ne5 d5 12. O-O Bd6 13. cxd5 cxd5 14. Bb5+ Kf8 15.
f4 exf3 16. Ndxf3 Ne4 17. Bd3 f6 18. Bxe4 dxe4 19. Ng5 Kg8 20. Ngf7 fxe5 21.
dxe5 Bc7 22. Ba3 Qe8 23. Rc1 Be6 24. Rxc7 Nxe5 25. Nxe5 Qb5 26. Qd6 Re8 27.
Qf8+ 1-0

[Event "6I Torneo Ciudad de Pontevedra 2018"]
[Site "Pontevedra ESP"]
[Date "2018.08.12"]
[Round "6.19"]
[White "Puga Sanchez, Miguel"]
[Black "Andias, Joao Pedro Menezes"]
[Result "0-1"]
[WhiteElo "2109"]
[BlackElo "2036"]
[PlyCount "100"]
[EventDate "2018.08.08"]
[EventType "swiss"]
[EventRounds "9"]
[EventCountry "ESP"]
[SourceTitle "Ajedrez en Madrid"]
[Source "lmi"]
[SourceDate "2018.08.08"]

1. e4 c5 2. Nf3 Nc6 3. g3 g6 4. Bg2 Bg7 5. O-O d6 6. c3 e5 7. d3 Nf6 8. a3 O-O
9. b4 b6 10. Re1 h6 11. Bb2 Bb7 12. Nbd2 Kh7 13. Rb1 Qc7 14. d4 Nd7 15. dxe5
dxe5 16. Qe2 Rad8 17. Nb3 Ncb8 18. Qc4 Ba6 19. b5 Bc8 20. Bh3 a6 21. a4 Bb7 22.
Bg2 Nf6 23. Nfd2 a5 24. Qe2 Bc8 25. Nc4 Bg4 26. f3 Be6 27. Nbd2 h5 28. Bc1 Bh6
29. Bf1 h4 30. Qf2 hxg3 31. hxg3 Kg7 32. Ne3 Nh5 33. Bc4 Qe7 34. Bxe6 fxe6 35.
Ng4 Nd7 36. Nc4 Bxc1 37. Rbxc1 Nhf6 38. Ngxe5 Nxe5 39. Nxe5 Qd6 40. Nc6 Ng4 41.
Qg2 Ne5 42. Nxe5 Qxe5 43. Re3 c4 44. Qf2 Rh8 45. Qg2 Qc5 46. Qf2 Qh5 47. Qg2
Rd2 48. Re2 Rxe2 49. Qxe2 Qh1+ 50. Kf2 Rh2+ 0-1

[Event "6I Torneo Ciudad de Pontevedra 2018"]
[Site "Pontevedra ESP"]
[Date "2018.08.12"]
[Round "6.20"]
[White "Levi, Netanel"]
[Black "Fernandez Lopez, Ruben"]
[Result "1/2-1/2"]
[WhiteElo "1961"]
[BlackElo "2106"]
[PlyCount "160"]
[EventDate "2018.08.08"]
[EventType "swiss"]
[EventRounds "9"]
[EventCountry "ESP"]
[SourceTitle "Ajedrez en Madrid"]
[Source "lmi"]
[SourceDate "2018.08.08"]

1. e4 c5 2. Nf3 d6 3. Bb5+ Nd7 4. O-O a6 5. Bxd7+ Bxd7 6. d4 cxd4 7. Qxd4 Rc8
8. c4 e5 9. Qd3 h6 10. Nc3 Nf6 11. b3 Be7 12. a4 O-O 13. Ba3 Be6 14. Rfd1 Rc7
15. Bxd6 Rd7 16. c5 Bxb3 17. Nxe5 Bxd1 18. Rxd1 Rc7 19. Bxc7 Qxc7 20. Nd7 Nxd7
21. Qxd7 Qe5 22. Nd5 Bxc5 23. Qxb7 f5 24. exf5 Qxf5 25. Rf1 Bxf2+ 26. Kh1 Qd3
27. Ne7+ Kh8 28. Qb1 Qxb1 29. Rxb1 Re8 30. Nc6 Re4 31. a5 Re6 32. Nb8 Bd4 33.
g3 Rd6 34. Kg2 Kh7 35. Kf3 Ba7 36. Ke4 Rd4+ 37. Kf3 Bxb8 38. Rxb8 Ra4 39. h4
Rxa5 40. Rb6 h5 41. Kg2 Ra3 42. Rc6 a5 43. Ra6 a4 44. Kf2 Ra1 45. Kg2 a3 46.
Kf2 Kg8 47. Kg2 Kf7 48. Kf3 Ke7 49. Kf4 Rf1+ 50. Ke3 Rg1 51. Kf4 Rf1+ 52. Ke3
Ra1 53. Kf4 Kf7 54. Kg5 Kg8 55. Kg6 Kf8 56. Ra8+ Ke7 57. Kxg7 a2 58. Kh6 Rg1
59. Rxa2 Rxg3 60. Rf2 Rg8 61. Kxh5 Rh8+ 62. Kg4 Rd8 63. Ra2 Kf7 64. Kf5 Kg7 65.
Kg5 Kh8 66. Ra7 Rb8 67. Ra6 Kh7 68. Ra7+ Kh8 69. Ra5 Rb6 70. h5 Kg8 71. Ra8+
Kh7 72. Ra7+ Kg8 73. Ra5 Kh7 74. Rc5 Ra6 75. Re5 Rb6 76. Re7+ Kg8 77. Re5 Ra6
78. h6 Ra1 79. Re8+ Kh7 80. Re7+ Kg8 1/2-1/2

[Event "6I Torneo Ciudad de Pontevedra 2018"]
[Site "Pontevedra ESP"]
[Date "2018.08.12"]
[Round "6.21"]
[White "Avelino, Camila Biscaya"]
[Black "Gil Reguera, Juan Carlos"]
[Result "0-1"]
[WhiteElo "1642"]
[BlackElo "2085"]
[PlyCount "48"]
[EventDate "2018.08.08"]
[EventType "swiss"]
[EventRounds "9"]
[EventCountry "ESP"]
[SourceTitle "Ajedrez en Madrid"]
[Source "lmi"]
[SourceDate "2018.08.08"]

1. e4 c5 2. Nf3 d6 3. d4 cxd4 4. Nxd4 Nf6 5. Nc3 a6 6. Be2 e6 7. O-O Qc7 8. f4
Be7 9. a4 O-O 10. Be3 Nbd7 11. Bf3 Re8 12. Qd2 Bf8 13. a5 Rb8 14. b3 d5 15.
exd5 Bb4 16. Nde2 exd5 17. Ra4 Bxa5 18. Rfa1 Bb6 19. Bxb6 Nxb6 20. Rd4 Be6 21.
Ng3 Rbc8 22. Rd3 Bg4 23. Bxg4 Nxg4 24. h3 Qc5+ 0-1

[Event "6I Torneo Ciudad de Pontevedra 2018"]
[Site "Pontevedra ESP"]
[Date "2018.08.12"]
[Round "6.22"]
[White "Gonzalez Perez, Jose Ramon"]
[Black "Fernandez Garcia, Gumersindo"]
[Result "0-1"]
[WhiteElo "2074"]
[BlackElo "1980"]
[PlyCount "84"]
[EventDate "2018.08.08"]
[EventType "swiss"]
[EventRounds "9"]
[EventCountry "ESP"]
[SourceTitle "Ajedrez en Madrid"]
[Source "lmi"]
[SourceDate "2018.08.08"]

1. e4 c5 2. Nf3 d6 3. Nc3 Nf6 4. e5 dxe5 5. Nxe5 Nbd7 6. Nc4 e6 7. Be2 Nb6 8.
O-O Nxc4 9. Bxc4 a6 10. a4 b6 11. Qf3 Rb8 12. Qe2 Ra8 13. d3 Bb7 14. Be3 Be7
15. Rad1 O-O 16. d4 cxd4 17. Bxd4 Qc7 18. Be5 Qc6 19. f3 Rfd8 20. Bd3 Bd6 21.
Bxd6 Rxd6 22. Kh1 Qc7 23. Qf2 Rad8 24. Qg3 Qe7 25. Rde1 Nh5 26. Qg4 Nf6 27. Qh3
h6 28. Re5 Nd5 29. Nxd5 Rxd5 30. Qg3 Rxe5 31. Qxe5 Qd6 32. Qe2 a5 33. Rd1 Kf8
34. Re1 Qd4 35. b3 Bd5 36. Bb5 Bb7 37. Qd3 Qh4 38. Qe3 Qb4 39. Kg1 Ke7 40. f4
Rd2 41. Re2 Rxe2 42. Bxe2 Qe1+ 0-1

[Event "6I Torneo Ciudad de Pontevedra 2018"]
[Site "Pontevedra ESP"]
[Date "2018.08.12"]
[Round "6.23"]
[White "Otero Nogueira, Brais"]
[Black "Del Prado Rodriguez, Xulio"]
[Result "0-1"]
[WhiteElo "2068"]
[BlackElo "1671"]
[PlyCount "120"]
[EventDate "2018.08.08"]
[EventType "swiss"]
[EventRounds "9"]
[EventCountry "ESP"]
[SourceTitle "Ajedrez en Madrid"]
[Source "lmi"]
[SourceDate "2018.08.08"]

1. g3 Nf6 2. Bg2 d5 3. Nf3 c6 4. c4 e6 5. O-O Bd6 6. b3 Nbd7 7. Bb2 O-O 8. d3
Qe7 9. Re1 e5 10. e4 dxe4 11. dxe4 Nc5 12. Nc3 Bg4 13. Qc2 Ne6 14. Ne2 Bxf3 15.
Bxf3 Rad8 16. h3 Rd7 17. Bg2 Rfd8 18. a3 Bc5 19. b4 Bd4 20. Nc3 Nh5 21. Kh2
Bxc3 22. Bxc3 Nd4 23. Qb2 b6 24. Re3 g6 25. Rf1 Qg5 26. h4 Qf6 27. Bh3 Re7 28.
Bg4 c5 29. Rd3 Ng7 30. Kg2 h5 31. Bh3 Nge6 32. Bd2 Kh7 33. Qc1 Ne2 34. Qb1 Rxd3
35. Qxd3 N2d4 36. Bxe6 Qxe6 37. bxc5 bxc5 38. Rb1 Rd7 39. Qe3 Qd6 40. Qh6+ Kg8
41. Bg5 f5 42. Be3 Rh7 43. Qg5 fxe4 44. Bxd4 exd4 45. Rb5 Rc7 46. Rb8+ Kg7 47.
Rd8 Rd7 48. Rxd7+ Qxd7 49. Qe5+ Kh7 50. Qxe4 d3 51. Qe1 d2 52. Qd1 Qd3 53. f3
Kg7 54. Kf2 Kf6 55. g4 Ke5 56. gxh5 gxh5 57. Qa1+ Kf5 58. f4 d1=N+ 59. Ke1 Qe3+
60. Kf1 Qf2# 0-1

[Event "6I Torneo Ciudad de Pontevedra 2018"]
[Site "Pontevedra ESP"]
[Date "2018.08.12"]
[Round "6.24"]
[White "Alvarez Pampillon, Antonio"]
[Black "Casares Cabanas, Carlos"]
[Result "1-0"]
[WhiteElo "1696"]
[BlackElo "2113"]
[PlyCount "47"]
[EventDate "2018.08.08"]
[EventType "swiss"]
[EventRounds "9"]
[EventCountry "ESP"]
[SourceTitle "Ajedrez en Madrid"]
[Source "lmi"]
[SourceDate "2018.08.08"]

1. d4 Nf6 2. c4 g6 3. Nc3 Bg7 4. e4 d6 5. f4 O-O 6. Nf3 c5 7. Be2 cxd4 8. Nxd4
Nc6 9. Be3 Qb6 10. Nc2 Qa5 11. O-O Be6 12. g4 Rfd8 13. f5 gxf5 14. gxf5 Bd7 15.
Kh1 Kh8 16. Rf4 Bh6 17. Rh4 Bxe3 18. Nxe3 Rg8 19. Ned5 Nxd5 20. Nxd5 Qc5 21.
Qf1 f6 22. b4 Nxb4 23. Nxb4 Qxb4 24. Rxh7+ 1-0

[Event "6I Torneo Ciudad de Pontevedra 2018"]
[Site "Pontevedra ESP"]
[Date "2018.08.12"]
[Round "6.25"]
[White "Vazquez Alvarez, Antonio Jose"]
[Black "Lopez De Turiso, Jose Angel"]
[Result "0-1"]
[WhiteElo "1985"]
[BlackElo "1990"]
[PlyCount "74"]
[EventDate "2018.08.08"]
[EventType "swiss"]
[EventRounds "9"]
[EventCountry "ESP"]
[SourceTitle "Ajedrez en Madrid"]
[Source "lmi"]
[SourceDate "2018.08.08"]

1. d4 f5 2. Bg5 g6 3. Nc3 Bg7 4. e4 fxe4 5. Nxe4 d5 6. Ng3 c5 7. Qd2 cxd4 8.
O-O-O Qb6 9. Bd3 Nc6 10. h4 Bd7 11. h5 O-O-O 12. hxg6 hxg6 13. Rxh8 Bxh8 14.
Bxg6 Nb4 15. Kb1 Qxg6 16. Qxb4 Qxg5 17. Nf3 Qg6 18. Nxd4 e5 19. Nb3 Be6 20. Qa5
a6 21. Qb6 Ne7 22. Nc5 d4 23. Rh1 Bd5 24. Qa7 Kc7 25. Na4 Nc8 26. Qc5+ Qc6 27.
Qa5+ b6 28. Qxa6 Bc4 29. Rh7+ Kb8 30. Nc5 Bxa6 31. Nxa6+ Ka8 32. Nc7+ Ka7 33.
Ne6+ Rd7 34. Rxh8 Qxe6 35. Rxc8 Kb7 36. Rh8 Qg6 37. Rh4 d3 0-1

[Event "6I Torneo Ciudad de Pontevedra 2018"]
[Site "Pontevedra ESP"]
[Date "2018.08.12"]
[Round "7.1"]
[White "Cori Quispe, Kevin Joel"]
[Black "Venkatesh, M.R."]
[Result "1/2-1/2"]
[WhiteElo "2480"]
[BlackElo "2499"]
[PlyCount "56"]
[EventDate "2018.08.08"]
[EventType "swiss"]
[EventRounds "9"]
[EventCountry "ESP"]
[SourceTitle "Ajedrez en Madrid"]
[Source "lmi"]
[SourceDate "2018.08.08"]

1. e4 e5 2. Nf3 Nc6 3. Bc4 Nf6 4. d3 Bc5 5. c3 d6 6. O-O O-O 7. a4 a5 8. Bg5 h6
9. Bh4 g5 10. Bg3 Qe7 11. Re1 Ba7 12. Nbd2 Be6 13. Bb3 Nd8 14. Bc2 Nh5 15. Nf1
Nxg3 16. hxg3 Qf6 17. Ne3 Nc6 18. Nh2 Bxe3 19. Rxe3 Rad8 20. g4 Ne7 21. Nf1 Qf4
22. Rg3 d5 23. exd5 Nxd5 24. Qe2 Rfe8 25. Re1 Bd7 26. Bb3 Bc6 27. Ne3 Nxe3 28.
Rxe3 b6 1/2-1/2

[Event "6I Torneo Ciudad de Pontevedra 2018"]
[Site "Pontevedra ESP"]
[Date "2018.08.12"]
[Round "7.2"]
[White "Demchenko, Anton"]
[Black "Petkov, Vladimir"]
[Result "1-0"]
[WhiteElo "2670"]
[BlackElo "2494"]
[PlyCount "163"]
[EventDate "2018.08.08"]
[EventType "swiss"]
[EventRounds "9"]
[EventCountry "ESP"]
[SourceTitle "Ajedrez en Madrid"]
[Source "lmi"]
[SourceDate "2018.08.08"]

1. e4 c5 2. Nf3 d6 3. d4 cxd4 4. Qxd4 e5 5. Qe3 Nf6 6. Be2 Be7 7. O-O O-O 8. c4
Nc6 9. Nc3 Be6 10. b3 Qb8 11. Qd3 Nd7 12. Ng5 Nc5 13. Qg3 Nd4 14. Nxe6 fxe6 15.
Bg4 Qe8 16. b4 Na6 17. Nb5 Nxb4 18. Nxd4 exd4 19. Bxe6+ Kh8 20. Bd2 Na6 21. Bd5
Nc5 22. Bf4 Rd8 23. Rad1 Qh5 24. Rxd4 Bf6 25. Rdd1 Be5 26. Qg5 Qe2 27. Bxe5
dxe5 28. Rd2 h6 29. Qxh6+ gxh6 30. Rxe2 b6 31. Re3 Rd6 32. g3 Rdf6 33. f4 exf4
34. Ref3 Nd7 35. Rxf4 Kg7 36. Rg4+ Kh7 37. Rxf6 Rxf6 38. Rg8 Ne5 39. Re8 Nf3+
40. Kg2 Ne1+ 41. Kh3 Rf2 42. e5 Re2 43. Kg4 Kg6 44. Re6+ Kg7 45. Re7+ Kg6 46.
Bf7+ Kg7 47. Rxa7 Rxe5 48. h4 Kf6 49. Rb7 Nd3 50. Bd5 h5+ 51. Kf3 Ne1+ 52. Kf4
Nd3+ 53. Kf3 Ne1+ 54. Kf2 Nd3+ 55. Kg2 Re2+ 56. Kf3 Rxa2 57. Rxb6+ Ke5 58. Rh6
Ne1+ 59. Ke3 Nc2+ 60. Kd3 Nb4+ 61. Kc3 Nxd5+ 62. cxd5 Kxd5 63. Rxh5+ Ke6 64.
Kd4 Re2 65. Kd3 Re1 66. Kd2 Re4 67. Rg5 Kf6 68. Kd3 Re1 69. Rg4 Kf5 70. Rf4+
Kg6 71. Re4 Rg1 72. Rg4+ Kh6 73. Ke3 Ra1 74. Re4 Ra8 75. Kf3 Rf8+ 76. Rf4 Ra8
77. Rf6+ Kh5 78. Rf5+ Kg6 79. Kg4 Ra4+ 80. Rf4 Ra5 81. Rb4 Rc5 82. h5+ 1-0

[Event "6I Torneo Ciudad de Pontevedra 2018"]
[Site "Pontevedra ESP"]
[Date "2018.08.12"]
[Round "7.3"]
[White "Ruck, Robert"]
[Black "Manolache, Marius"]
[Result "1/2-1/2"]
[WhiteElo "2502"]
[BlackElo "2481"]
[PlyCount "49"]
[EventDate "2018.08.08"]
[EventType "swiss"]
[EventRounds "9"]
[EventCountry "ESP"]
[SourceTitle "Ajedrez en Madrid"]
[Source "lmi"]
[SourceDate "2018.08.08"]

1. Nf3 g6 2. e4 d6 3. d4 Nf6 4. Nc3 Bg7 5. Be2 O-O 6. O-O c6 7. h3 Nbd7 8. Bf4
Nh5 9. Bh2 e5 10. dxe5 dxe5 11. Qd6 Re8 12. Bc4 Qf6 13. Qxf6 Bxf6 14. a4 a5 15.
Rfd1 Nb6 16. Bb3 Be6 17. Bxe6 Rxe6 18. b3 Nf4 19. Kf1 Rae8 20. Rd2 Be7 21. Ne2
Nxe2 22. Rxe2 Bb4 23. Rd1 f6 24. Ne1 R8e7 25. Bg1 1/2-1/2

[Event "6I Torneo Ciudad de Pontevedra 2018"]
[Site "Pontevedra ESP"]
[Date "2018.08.12"]
[Round "7.4"]
[White "Nayhebaver, Martin"]
[Black "Martinez Duany, Lelys Stanley"]
[Result "0-1"]
[WhiteElo "2453"]
[BlackElo "2544"]
[PlyCount "56"]
[EventDate "2018.08.08"]
[EventType "swiss"]
[EventRounds "9"]
[EventCountry "ESP"]
[SourceTitle "Ajedrez en Madrid"]
[Source "lmi"]
[SourceDate "2018.08.08"]

1. e4 e5 2. Nf3 Nc6 3. Bc4 Nf6 4. d3 h6 5. c3 d6 6. b4 g6 7. O-O Bg7 8. Re1 O-O
9. a4 a6 10. Ba2 Kh7 11. Nbd2 Nh5 12. b5 axb5 13. axb5 Ne7 14. Nc4 Be6 15. Ba3
Qd7 16. b6 c5 17. d4 exd4 18. cxd4 Nf4 19. Re3 Ra4 20. d5 Bg4 21. Bb3 Ra6 22.
Rb1 f5 23. exf5 Bxf5 24. Qe1 Nexd5 25. Rd1 Bg4 26. Bc2 Nxe3 27. Qxe3 Nxg2 28.
Qd3 Bf5 0-1